Las Merindades de Burgos, 300 a.C-1560 / (Record n. 23378)
[ formato base ]
| 000 -LEADER | |
|---|---|
| fixed length control field | 00850nam a2200241 i 4500 |
| 003 - CONTROL NUMBER IDENTIFIER | |
| control field | IT-RoINE |
| 005 - DATE AND TIME OF LATEST TRANSACTION | |
| control field | 20200720052455.0 |
| 008 - FIXED-LENGTH DATA ELEMENTS--GENERAL INFORMATION | |
| fixed length control field | 160808s2016 sp a |r 001|||spa|d |
| 020 ## - INTERNATIONAL STANDARD BOOK NUMBER | |
| International Standard Book Number | 9788416549382 |
| 040 ## - CATALOGING SOURCE | |
| Original cataloging agency | SpMaBN |
| Transcribing agency | SpMaBN IT-RoINE |
| Modifying agency | IT-RoINE |
| 100 1# - MAIN ENTRY--PERSONAL NAME | |
| Personal name | Arribas Magro, María del Carmen |
| 9 (RLIN) | 46217 |
| 245 13 - TITLE STATEMENT | |
| Title | Las Merindades de Burgos, 300 a.C-1560 / |
| Statement of responsibility, etc | María del Carmen Arribas Magro. |
| 260 ## - PUBLICATION, DISTRIBUTION, ETC. (IMPRINT) | |
| Place of publication, distribution, etc | [Madrid] : |
| Name of publisher, distributor, etc | ACCI, |
| Date of publication, distribution, etc | D. L. 2016. |
| 300 ## - PHYSICAL DESCRIPTION | |
| Extent | 619 p. : |
| Other physical details | il. col. ; |
| Dimensions | 24 cm. |
| 336 ## - CONTENT TYPE | |
| Content type term | Texto (visual) |
| Source | isbdcontent |
| 337 ## - MEDIA TYPE | |
| Source | rdamedia |
| Media type term | unmediated |
| 338 ## - CARRIER TYPE | |
| Source | rdacarrier |
| Carrier type term | volume |
| 490 1# - SERIES STATEMENT | |
| Series statement | Historia de las Merindades de Burgos |
| 504 ## - BIBLIOGRAPHY, ETC. NOTE | |
| Bibliography, etc | Incluye referencias bibliográficas. |
| 651 #4 - SUBJECT ADDED ENTRY--GEOGRAPHIC NAME | |
| 9 (RLIN) | 46218 |
| Geographic name | Las Merindades (España) |
| General subdivision | Historia |
| 830 #0 - SERIES ADDED ENTRY--UNIFORM TITLE | |
| Uniform title | Historia de las Merindades de Burgos (ACCI) |
| 9 (RLIN) | 46219 |
| 942 ## - ADDED ENTRY ELEMENTS (KOHA) | |
| Item type | Monografías |
| Withdrawn status | Lost status | Damaged status | Not for loan | Home library | Current library | Date acquired | Total Checkouts | Full call number | Barcode | Date last seen | Price effective from | Koha item type |
|---|---|---|---|---|---|---|---|---|---|---|---|---|
| Iglesia Nacional Española en Roma | Iglesia Nacional Española en Roma | 16/03/2018 | HIS.ESP.0. 756 | 48506 | 16/03/2018 | 16/03/2018 | Monografías |